| 000 | 00611nam a2200205 a 4500 | ||
|---|---|---|---|
| 005 | 20240911064612.0 | ||
| 008 | 991125s1987 es 000 0 spa u | ||
| 020 | _a8485729609 | ||
| 035 | _aUPN01000003921 | ||
| 049 | _aCG | ||
| 050 | 4 |
_aLB1033.5 _bF6.2 |
|
| 100 | 1 | _aForner, A. | |
| 245 | 1 | 3 |
_aLa comunicación no verbal : _bactividades para la escuela / _cA. Forner. |
| 260 |
_aBarcelona, Esp. : _bGraó, _c1987. |
||
| 300 |
_a56 p. : _bil. |
||
| 440 | 0 |
_aBiblioteca del maestro. _pAlternativas |
|
| 650 | 4 |
_aComunicación no verbal _95510 |
|
| 650 | 4 |
_aComunicación en la educación _91520 |
|
| 905 | _aLibro | ||
| 999 |
_c3921 _d3921 |
||